Municipalities in Barnstable County, MA (Cape Cod) - Statistics

General Stats
  • This quiz has been taken 161 times
  • The average score is 12 of 15
Answers on the Map
Answers color-coded by a green-red scale on the quiz's map according to % correct below.
 
Answer Stats
Population City/Town % Correct
6,594 Chatham
97%
3,664 Provincetown
95%
20,259 Sandwich
93%
48,916 Barnstable
92%
2,454 Truro
89%
32,517 Falmouth
87%
6,307 Orleans
87%
25,023 Yarmouth
84%
14,674 Dennis
82%
5,752 Eastham
80%
20,452 Bourne
77%
3,566 Wellfleet
72%
13,440 Harwich
69%
15,060 Mashpee
69%
10,318 Brewster
67%
No matching quizzes found
Score Distribution
Percent of People with Each Score
Percentile by Number Answered
Your Score History
You have not taken this quiz